Richiami : antologia per le scuole tecniche commerciali, industriali, agrarie. Palermo

Gespeichert in:
Bibliographische Detailangaben
1. Verfasser: Biancorosso, Jole
Format: Buch
Sprache:Italienisch
Erschienen: Milano R. Sandron 1934
Katalog:EDISCO:  Suchergebnis im Bibliothekskatalog
Schulbuchspezifische Eigenschaften:
Tags: Tag hinzufügen
Keine Tags, Fügen Sie den ersten Tag hinzu!
Hinzugefügt zu:30.04.2016
Geändert in:04.10.2017

MARC

LEADER 00000aam a22000005 4500
001 15560
003 OSt
005 20171004085734.0
008 160501s1934 it 000 0 ita
040 |c Elena Facco - Padova - CUBI 
041 1 |a ita 
100 1 |a Biancorosso, Jole 
245 0 0 |a Richiami : antologia per le scuole tecniche commerciali, industriali, agrarie. Palermo 
260 |a Milano  |b R. Sandron  |c 1934 
300 |a 865 p., 1/1 ;   |c in 8° 
510 3 |a L. 18.50 
901 |a 5 
942 |2 ddc  |c BK 
546 |a ita 
999 |c 15549  |d 15549 
999 |c edisco:15549  |d 15549